Введение в вакуумную технику: пер. с нем.; Т.1 : Физические основы вакумной техники

Bibliografske podrobnosti
Glavni avtor: Гейнце В. Вальтер
Jezik:ruščina
Izdano: Москва, Госэнергоиздат, 1960
Teme:
Format: Knjiga
KOHA link:https://koha.lib.tpu.ru/cgi-bin/koha/opac-detail.pl?biblionumber=133099

MARC

LEADER 00000nam0a2200000 4500
001 133099
005 20231031135218.0
035 |a (RuTPU)RU\TPU\book\144179 
090 |a 133099 
100 |a 20080312d1960 m y0rusy50 ca 
101 1 |a rus  |c ger 
102 |a RU 
105 |a a z 001zy 
200 1 |a Введение в вакуумную технику  |e пер. с нем.  |h Т.1 : Физические основы вакумной техники  |f В. Гейнце 
210 |a Москва  |c Госэнергоиздат  |d 1960  |a Ленинград 
215 |a 511 с.  |c ил. 
320 |a Библиогр.: с. 498-511. 
610 1 |a вакуумная техника 
610 1 |a физические основы 
675 |a 621.52  |v 3 
700 1 |a Гейнце  |b В.  |g Вальтер 
801 1 |a RU  |b 63413507  |c 20080312  |g PSBO 
801 2 |a RU  |b 63413507  |c 20081028  |g PSBO 
942 |c BK